ا ر د و ميں شعر ی ا و ر لسا نی مبا حث (Record no. 178898)

MARC details
000 -LEADER
fixed length control field 00645nam a22001937a 4500
005 - DATE AND TIME OF LATEST TRANSACTION
control field 20210427145524.0
010 ## - LCCN (DPL NO)
LC control number UR-11103
020 ## - INTERNATIONAL STANDARD BOOK NUMBER
Terms of availability 203.00
International Standard Book Number 9789390579129
035 ## - SYSTEM CONTROL NUMBER
System control number U-9658
037 ## - SOURCE OF ACQUISITION
Source of stock number/acquisition DBAD/PUB
082 ## - DEWEY DECIMAL CLASSIFICATION NUMBER
Classification number 440.41
100 ## - MAIN ENTRY--PERSONAL NAME
Personal name محمد حسين
245 ## - TITLE STATEMENT
Title ا ر د و ميں شعر ی ا و ر لسا نی مبا حث
Statement of responsibility, etc محمد حسين
246 ## - VARYING FORM OF TITLE
Title proper/short title Urdu mein Sheiri Aur Lisani Mabahis (Urdu)
Remainder of title by Mohd. Husain
260 ## - PUBLICATION, DISTRIBUTION, ETC. (IMPRINT)
Place of publication, distribution, etc N.Delhi
Date of publication, distribution, etc 2020 ء
Name of publisher, distributor, etc Applied Books
270 ## - ADDRESS
Address 1739/10,Patoudi House Darya Ganj,
City N.Delhi
Postal code 110002
Fax number -
300 ## - PHYSICAL DESCRIPTION
Extent 336 ص
Dimensions 22 Cm(Hb)
942 ## - ADDED ENTRY ELEMENTS (KOHA)
Source of classification or shelving scheme Dewey Decimal Classification
Item type Urdu Bks
Classification part 440.41
Call number suffix م ح م
Holdings
Withdrawn status Lost status Not for loan Collection code Home library Current library Date acquired Source of acquisition Cost, normal purchase price Full call number Barcode Copy number Cost, replacement price Koha item type
      Non-fiction D.B.Act.Division D.B.Act.Division 27/04/2021 DBAD/PUB 203.00 440.41 م ح م U-9658 1 203.00 Urdu Bks

© Delhi Public Library
Hit Counter
free hit counter